Estatísticas para Países e Territórios filiados à CONCACAF

Clique aqui para jogar o quiz

Estatísticas Gerais

  • Esse quiz foi jogado 85 vezes
  • A pontuação média é 29 de 38

Estatísticas das Respostas

AssociaçãoPaís/Território% Correto
USSFEstados Unidos
98%
CSACanadá
97%
FCFCosta Rica
97%
FMFMéxico
97%
FEPAFUTPanamá
97%
FESFUTEl Salvador
95%
FEDEFUTGUATEGuatemala
94%
FENAFUTHHonduras
94%
FENIFUTNicarágua
94%
BFABahamas
92%
AFCCuba
92%
FHFHaiti
92%
TTFATrinidad e Tobago
92%
FFBBelize
91%
DFADominica
89%
FEDORepública Dominicana
89%
JFFJamaica
86%
SKNFASão Cristóvão e Nevis
85%
SVGFFSão Vicente e Granadinas
85%
ABFAAntigua & Barbuda
83%
BFABarbados
83%
SLFASanta Lúcia
83%
GFAGranada
82%
FFKCuraçao
72%
FPFPorto Rico
69%
AVBAruba
68%
GFFGuiana
65%
SBVSuriname
63%
BFABermuda
60%
AFAAnguilla
52%
USVISAIlhas Virgens Americanas
52%
BVIFAIlhas Virgens Britânicas
52%
LFGGuiana Francesa
49%
LGFGuadalupe
48%
CIFAIlhas Cayman
46%
LFMMartinica
46%
TCIFAIlhas Turks e Caicos
43%
MFAMontserrat
42%

Distribuição das Pontuações

Percentil de Números Respondidos

Porcentagem de Pessoas com Cada Pontuação

Sua Pontuação Histórica

Você não jogou esse quiz